000 00628nam a2200229Ia 4500
003 OSt
005 20221007062800.0
006 a|||||r|||| 00| 0
007 ta
008 221006b |||||||| |||| 00| 0 eng d
024 _a7,122
037 _cTextual
040 _aFLL
_cFLL
_beng
041 _2eng
_aeng
082 _aZ2k, G5.3-1
100 _aSuryanarayana N. Au.
_9683357
245 0 _aGeneral acts and codes of india
260 _aBombay
_bButterworth and co. (India) Ltd. India
_c1941
300 _a771p
_ccm.
942 _hZ2k, G5.3-1
_cTEXL
_2CC
999 _c1129522
_d1129522